[Event "XXXIII Abierto Ciudad de Sevilla"]
[Site "?"]
[Date "2008.01.05"]
[Round "1"]
[White "Spraggett, K."]
[Black "Herrera Ramirez, D."]
[Result "1-0"]
[WhiteElo "2588"]
[BlackElo "1926"]
[PlyCount "55"]
[EventDate "2008.01.05"]
[SourceDate "2008.01.05"]

1. Nf3 d6 2. d4 Nf6 3. g3 g6 4. Bg2 Bg7 5. O-O O-O 6. c4 Nbd7 7. Nc3 e5 8. e4
c6 9. h3 Nh5 10. Be3 Qc7 11. Re1 a5 12. c5 exd4 $6 (12... dxc5 13. dxc5) 13.
cxd6 Qxd6 14. Nxd4 {Diagrama #} (14. Bxd4 Bxd4 15. Qxd4 Qxd4 16. Nxd4 $14)
14... Nxg3 $2 15. fxg3 Qxg3 16. Qf3 Qh4 17. Bf2 Qe7 18. Rad1 Ne5 19. Qg3 Qb4
20. a3 Qxb2 21. Na4 Qa2 22. Re2 Qc4 23. Nb6 Qa6 24. Nxa8 Qxa8 25. Red2 Bd7 26.
Nf5 Be6 27. Nxg7 Kxg7 28. Qxe5+ 1-0

[Event "XXXIII Abierto Ciudad de Sevilla"]
[Site "?"]
[Date "2008.01.05"]
[Round "1"]
[White "Fernandez Calzada, J."]
[Black "Epishin, V."]
[Result "0-1"]
[WhiteElo "1925"]
[BlackElo "2577"]
[PlyCount "36"]
[EventDate "2008.01.05"]
[SourceDate "2008.01.05"]

1. e4 d5 2. exd5 Qxd5 3. Nc3 Qd6 4. d4 Nf6 5. Nge2 c6 6. Bf4 Qb4 7. Qc1 (7. a3
Qb6 (7... Qxb2 8. Bc7 Nd5 (8... Na6 9. Ba5 $18) 9. Na4 $16) 8. Ng3 $14) 7...
Nbd7 8. a3 Qb6 9. b4 (9. Na4 Qd8 10. c4) 9... a5 10. Na4 Qa7 {Diagrama #} 11.
bxa5 $2 (11. b5 Nb6 (11... cxb5 $2 12. Nac3)) 11... Qxa5+ 12. Nac3 e5 13. dxe5
Ne4 (13... Nxe5) 14. e6 $2 (14. Qe3) 14... Ndf6 $19 15. exf7+ Kxf7 16. Bd2 Nxd2
17. Qxd2 Bc5 18. Nb1 $2 (18. Nc1) 18... Bxf2+ 0-1

[Event "XXXIII Abierto Ciudad de Sevilla"]
[Site "?"]
[Date "2008.01.05"]
[Round "1"]
[White "Maz Machado, A."]
[Black "Campora, D."]
[Result "0-1"]
[WhiteElo "1915"]
[BlackElo "2535"]
[PlyCount "74"]
[EventDate "2008.01.05"]
[SourceDate "2008.01.05"]

1. c4 e5 2. g3 Nf6 3. Bg2 c6 4. Nc3 Bb4 5. Nf3 e4 6. Ng5 d5 {Diagrama #} 7. a3
(7. cxd5) 7... Bxc3 8. dxc3 h6 9. Nh3 dxc4 10. O-O (10. Qxd8+ Kxd8 $15) 10...
O-O 11. Qc2 (11. Be3) 11... Bf5 12. e3 (12. Be3) 12... Nbd7 $19 13. Nf4 Ne5 14.
b3 Qc8 15. bxc4 Nxc4 16. Rb1 b5 17. Ne2 Re8 18. a4 a6 19. Rb4 Bh3 20. Rxc4 bxc4
21. a5 Bxg2 22. Kxg2 Qg4 23. Ng1 Rad8 24. Qa4 Qe6 25. Ne2 Qd5 26. Nd4 c5 27.
Ne2 g5 28. Qa3 Ng4 29. Qb2 Ne5 30. Qb6 Re6 31. Qc7 Nd3 32. Ba3 Qd7 33. Qxd7
Rxd7 34. Rb1 Rf6 35. Nc1 Rxf2+ 36. Kg1 Rc2 37. Nxd3 exd3 0-1

[Event "XXXIII Abierto Ciudad de Sevilla"]
[Site "?"]
[Date "2008.01.05"]
[Round "1"]
[White "Aroshidze, L."]
[Black "Calle Fuentes, J."]
[Result "1-0"]
[WhiteElo "2535"]
[BlackElo "1909"]
[PlyCount "53"]
[EventDate "2008.01.05"]
[SourceDate "2008.01.05"]

1. e4 e5 2. Nf3 Nf6 3. Nxe5 d6 4. Nf3 Nxe4 5. d4 d5 6. Bd3 Nc6 7. O-O Be7 8. c4
Nb4 9. Be2 O-O 10. a3 Nc6 11. Nc3 Nxc3 12. bxc3 Bg4 13. h3 Bh5 14. cxd5 Qxd5
15. Rb1 {Diagrama #} Qe4 $2 16. Rb5 $18 Bg6 17. Ne5 Qc2 18. Nxg6 Qxg6 19. Bd3
Qd6 20. Qh5 g6 21. Qh6 f5 (21... Rab8 22. Rh5) 22. Rxb7 Bf6 23. Bf4 Qxa3 24.
Rxc7 Ne7 25. Re1 Rac8 26. Bc4+ Kh8 27. Rexe7 1-0

[Event "XXXIII Abierto Ciudad de Sevilla"]
[Site "?"]
[Date "2008.01.05"]
[Round "1"]
[White "Suarez Fernandez, E."]
[Black "Matamoros, C."]
[Result "0-1"]
[WhiteElo "1908"]
[BlackElo "2529"]
[PlyCount "44"]
[EventDate "2008.01.05"]
[SourceDate "2008.01.05"]

1. Nf3 Nf6 2. b3 g6 3. Bb2 Bg7 4. e3 O-O 5. c4 d6 6. Be2 e5 7. d3 c5 8. O-O Nc6
9. e4 Nh5 10. Nc3 Nf4 11. Nd5 g5 12. Ne1 f5 13. Nxf4 gxf4 $15 {Diagrama #} 14.
g4 $6 (14. Nf3) 14... fxg4 (14... f3 15. Bxf3 fxg4 16. Bxg4 Qg5) 15. Bxg4 Qg5
16. h3 f3 17. Nxf3 Rxf3 18. Qxf3 h5 19. Qg2 hxg4 20. f4 exf4 21. Bxg7 Kxg7 22.
h4 Qe5 0-1

[Event "XXXIII Abierto Ciudad de Sevilla"]
[Site "?"]
[Date "2008.01.05"]
[Round "1"]
[White "Bravo De Los Santos, F."]
[Black "Paunovic, D."]
[Result "0-1"]
[WhiteElo "1900"]
[BlackElo "2522"]
[PlyCount "52"]
[EventDate "2008.01.05"]
[SourceDate "2008.01.05"]

1. e4 c5 2. d4 cxd4 3. c3 dxc3 4. Nxc3 Nc6 5. Nf3 e6 6. Bc4 a6 7. O-O Nge7 8.
Bg5 f6 9. Bh4 Ng6 10. Bg3 Be7 11. Qe2 O-O 12. Rfd1 d6 13. a3 Kh8 14. Rd2 Nge5
$15 15. Ba2 Nxf3+ 16. Qxf3 e5 {Diagrama #} 17. Qd1 (17. Bd5) 17... f5 18. f3
Nd4 19. Bf2 Bg5 20. Rd3 fxe4 21. Nxe4 Bf5 22. Nxg5 Qxg5 23. Rxd4 (23. Rc3 $17)
23... exd4 24. Qxd4 Rac8 $18 25. Bg3 Rc1+ 26. Rxc1 Qxc1+ 0-1

[Event "XXXIII Abierto Ciudad de Sevilla"]
[Site "?"]
[Date "2008.01.05"]
[Round "1"]
[White "Mirzoev, A."]
[Black "Aranaz Murillo, A."]
[Result "1-0"]
[WhiteElo "2518"]
[BlackElo "1892"]
[PlyCount "79"]
[EventDate "2008.01.05"]
[SourceDate "2008.01.05"]

1. c4 c6 2. e4 d5 3. exd5 cxd5 4. cxd5 Nf6 5. Bb5+ Nbd7 6. Nc3 g6 7. d4 Bg7 8.
d6 O-O (8... exd6 9. Qe2+ Qe7 10. Bf4 d5 11. Bd6 $16) 9. dxe7 Qxe7+ 10. Nge2 a6
11. Bd3 b5 12. O-O Bb7 13. Re1 Rfe8 (13... b4 14. Na4 Qd6 15. Bf4 Qd5 16. f3 g5
17. Be3 Rae8 18. Ng3 Ng4 19. Be4 Nxe3 20. Rxe3 Qxd4 21. Nf5 Qxd1+ 22. Rxd1 Bxe4
23. Rxe4 Rxe4 24. fxe4 Nf6 25. e5 Ng4 26. Nxg7 Kxg7 27. Rd4 h5 28. h3 Nxe5 29.
Rxb4 Rd8 30. Nc3 Nd3 31. Rb6 Re8 32. Rxa6 Re1+ 33. Kh2 Nxb2 34. a4 Ra1 35. Ne4
Rxa4 36. Rxa4 Nxa4 37. Nxg5 Kg6 38. Nf3 Nc5 39. Kg3 Ne4+ 40. Kf4 Nd6 41. Nd4
Nc4 42. Nf5 Nb6 43. Ne3 Kf6 44. h4 Nc8 45. g4 hxg4 46. Nxg4+ Kg6 47. Ne5+ Kh6 {
1/2-1/2 Berg,S-Ragnarsson,J/Hafnarfjordur 1996/ECO NotiChess}) 14. Bf4 Nb6 (
14... b4 15. Na4 Qe6 16. Rc1 Nh5 17. Bc4 Qg4 18. Bg3 Bh6 19. Bxf7+ Kxf7 20. Rc7
Nxg3 21. hxg3 Qe4 22. Rxd7+ Kg8 23. d5 Bc8 24. Nc5 Qe5 25. Nd3 Qb8 26. Qa4 Bxd7
27. Qxd7 Bd2 28. Rd1 Rxe2 29. Qg4 Qe8 30. d6 Rd8 {
0-1 Kristjansson,S-Colin,V/Hastings 2006/ECO NotiChess}) 15. Ng3 Qd7 (15... Qb4
$5) 16. Be5 $16 Rac8 17. Rc1 Nc4 18. Bxc4 Rxc4 19. f3 Rec8 20. Qd2 Ne8 (20...
b4 21. Nce2 a5) 21. Bxg7 Nxg7 22. Nce2 Ne6 23. Rxc4 Rxc4 24. Rd1 Qc8 25. Qe3
Rc2 26. Rd2 Bd5 27. a3 Qc4 28. h3 a5 29. Rxc2 (29. Ne4) 29... Qxc2 30. Qc3 Qd1+
31. Kf2 a4 32. Ne4 {Diagrama #} Bxe4 $2 (32... Bc4 33. Qe3 Bxe2 $11) 33. fxe4
Qb1 34. e5 Ng5 35. Qc1 Qf5+ 36. Qf4 Ne4+ 37. Ke3 Qxf4+ 38. Nxf4 Ng5 39. d5 Kf8
40. h4 1-0

[Event "XXXIII Abierto Ciudad de Sevilla"]
[Site "?"]
[Date "2008.01.05"]
[Round "1"]
[White "Cillero Rodriguez, M."]
[Black "Escobar Forero, A."]
[Result "0-1"]
[WhiteElo "1830"]
[BlackElo "2461"]
[PlyCount "60"]
[EventDate "2008.01.05"]
[SourceDate "2008.01.05"]

1. e4 c5 2. Nf3 Nc6 3. Bb5 d6 4. O-O Bd7 5. d3 Nf6 6. c3 e6 7. Nbd2 Be7 8. Re1
O-O 9. Ba4 Rc8 10. Nc4 a6 11. Bc2 b5 12. Ne3 e5 13. h3 g6 14. Nd5 Nxd5 15. exd5
Nb8 16. d4 exd4 17. cxd4 cxd4 18. Nxd4 Bf6 19. Be3 Re8 20. Rc1 Rc4 {Diagrama #}
21. Bb3 $2 (21. Qd2) 21... Rxd4 22. Bxd4 Rxe1+ 23. Qxe1 Bxd4 24. Rc2 a5 25. Re2
a4 26. Bc2 Na6 27. b4 Qg5 28. Qd1 Be5 29. Qd2 Qxd2 30. Rxd2 Nxb4 0-1

[Event "XXXIII Abierto Ciudad de Sevilla"]
[Site "?"]
[Date "2008.01.05"]
[Round "1"]
[White "Roeder, M."]
[Black "Schweitzer, P."]
[Result "1-0"]
[WhiteElo "2461"]
[BlackElo "1824"]
[PlyCount "59"]
[EventDate "2008.01.05"]
[SourceDate "2008.01.05"]

1. Nf3 d5 2. c4 c6 3. e3 e6 4. Nc3 a6 5. b3 Nd7 6. Bb2 Ngf6 7. d4 Be7 8. Bd3
Qc7 9. O-O h5 $6 10. Re1 dxc4 11. bxc4 b5 12. e4 bxc4 13. Bxc4 Rb8 14. Qe2 h4
15. Rab1 Qa5 {Diagrama #} 16. d5 $18 cxd5 17. exd5 Nc5 18. Nd4 Nh5 19. Nc6 Rxb2
20. Qxb2 Qc7 21. Nxe7 Qxe7 22. dxe6 f5 23. Nd5 Qg5 24. Bb5+ Kf8 25. e7+ Kf7 26.
e8=Q+ Rxe8 27. Bxe8+ Kf8 28. Bxh5 Ne4 29. Qb8 Qd8 30. Rxe4 1-0

[Event "XXXIII Abierto Ciudad de Sevilla"]
[Site "?"]
[Date "2008.01.05"]
[Round "1"]
[White "Lopez Martinez, J."]
[Black "Cadenas Falcon, J."]
[Result "1-0"]
[WhiteElo "2550"]
[BlackElo "1916"]
[PlyCount "77"]
[EventDate "2008.01.05"]
[SourceDate "2008.01.05"]

1. Nf3 d5 2. d4 Nf6 3. c4 e6 4. g3 c6 5. Bg2 Bd6 6. O-O Nbd7 7. Qc2 O-O 8. Nbd2
Re8 9. Rd1 b6 10. e4 dxe4 11. Ng5 Bb7 12. Ndxe4 Be7 13. c5 h6 14. Nxf6+ Nxf6
15. Nf3 bxc5 16. dxc5 Qa5 17. b4 Qc7 18. Bf4 Qc8 19. Nd4 Nd5 20. Bxd5 exd5 21.
Rac1 Bf8 22. a4 g6 23. Qd2 Kh7 24. b5 Bg7 25. Nxc6 Bxc6 26. bxc6 {Diagrama #}
Qxc6 $2 (26... d4 27. c7 Qa6 $16) 27. Qxd5 Qxa4 28. Qxf7 Rf8 29. Qb7 Rad8 30.
Rxd8 Rxd8 31. h4 Rd7 32. c6 Rd1+ 33. Rxd1 Qxd1+ 34. Kh2 Qf3 35. Be3 Kg8 36.
Qc8+ Kh7 37. c7 g5 38. Qd7 gxh4 39. Qd3+ 1-0

[Event "XXXIII Abierto Ciudad de Sevilla"]
[Site "?"]
[Date "2008.01.05"]
[Round "1"]
[White "Reina Aguilar, M."]
[Black "Korneev, O."]
[Result "0-1"]
[WhiteElo "1933"]
[BlackElo "2645"]
[PlyCount "58"]
[EventDate "2008.01.05"]
[SourceDate "2008.01.05"]

1. d4 d5 2. c4 e6 3. Nc3 c6 4. cxd5 exd5 5. Qc2 g6 6. e4 dxe4 7. Qxe4+ Qe7 8.
Bg5 Qxe4+ 9. Nxe4 Bf5 10. f3 Nd7 11. Bc4 h6 12. Bh4 g5 13. Bg3 Ngf6 14. Nxf6+
Nxf6 15. O-O-O Nd5 16. Bxd5 cxd5 17. Ne2 Kd7 18. Nc3 Rc8 {Diagrama #} 19. Kd2 (
19. Be5 Ba3 20. Kd2 Bxb2 21. Nxd5 Rc2+ 22. Ke1 Rhc8 $15) 19... Bb4 20. Rc1 (20.
a3) 20... Rc4 21. Bf2 (21. Be5 Rf8 22. Bg7 Rg8 23. Be5 g4) 21... Rhc8 22. g4 (
22. a3) 22... Bg6 23. h4 b5 (23... Bd6) 24. hxg5 hxg5 25. Be3 Ba5 26. a3 b4 27.
axb4 Rxb4 28. Kd1 Rxb2 29. Bd2 $2 (29. Nxd5 Bc2+ 30. Rxc2 Rcxc2 $19) 29... Rc4
0-1

[Event "XXXIII Abierto Ciudad de Sevilla"]
[Site "?"]
[Date "2008.01.05"]
[Round "1"]
[White "Gutierrez Valero, M."]
[Black "Komljenovic, D."]
[Result "0-1"]
[WhiteElo "1834"]
[BlackElo "2482"]
[PlyCount "64"]
[EventDate "2008.01.05"]
[SourceDate "2008.01.05"]

1. d4 d5 2. c4 c6 3. Nf3 Nf6 4. g3 dxc4 5. Bg2 b5 6. O-O Bb7 7. Bf4 $6 e6 8.
Ne5 Nd5 9. e4 Nxf4 10. gxf4 Bd6 $15 11. Qg4 O-O 12. Kh1 (12. Nc3) 12... Qe7 13.
Rg1 f6 14. Nf3 Nd7 $17 15. e5 Bc7 16. Nbd2 f5 (16... c5 $17) 17. Qg3 Nb6 18.
Ng5 Rad8 19. Bf3 $6 g6 20. Rad1 Rxd4 21. h4 Nd5 22. Bxd5 Rxd5 23. h5 Rfd8 24.
Ngf3 c5 25. hxg6 {Diagrama #} h6 26. Kh2 Kg7 27. Qh3 Rd3 28. Rg3 Rxf3 29. Rxf3
Ba5 30. Rh1 Bxd2 31. Kg3 Bxf4+ 32. Rxf4 Qg5+ 0-1

[Event "XXXIII Abierto Ciudad de Sevilla"]
[Site "?"]
[Date "2008.01.05"]
[Round "1"]
[White "Fernandez Romero, E."]
[Black "Blanco Blanco, J."]
[Result "1-0"]
[WhiteElo "2462"]
[BlackElo "1831"]
[PlyCount "49"]
[EventDate "2008.01.05"]
[SourceDate "2008.01.05"]

1. e4 e6 2. d4 d5 3. Nc3 Nf6 4. e5 Nfd7 5. Nf3 c5 6. dxc5 Bxc5 7. Bd3 Nc6 8.
Bf4 {Diagrama #} Nd4 $2 9. O-O Nxf3+ 10. Qxf3 Nf8 11. Rad1 Bd7 12. Rfe1 Qb6 13.
a3 a5 14. h4 Ng6 15. Bg3 O-O-O 16. Rb1 Bc6 $2 17. h5 Ne7 18. b4 axb4 19. axb4
d4 20. Qxf7 dxc3 21. bxc5 Qxc5 22. Qxe6+ Bd7 23. Qa2 Bc6 24. e6 b6 25. Qa7 1-0

[Event "XXXIII Abierto Ciudad de Sevilla"]
[Site "?"]
[Date "2008.01.05"]
[Round "1"]
[White "Rizouk, A."]
[Black "Diaz Castro, I."]
[Result "1-0"]
[WhiteElo "2498"]
[BlackElo "1876"]
[PlyCount "75"]
[EventDate "2008.01.05"]
[SourceDate "2008.01.05"]

1. e4 g6 2. d4 Bg7 3. Nc3 d6 4. Be3 Nf6 5. Nf3 O-O 6. h3 Nbd7 7. e5 Ne8 8. Bf4
Nb6 9. Bd3 Be6 10. Ng5 Nd5 11. Nxd5 Bxd5 12. O-O h6 13. Ne4 c6 14. Qc1 Kh7 15.
Ng3 f5 16. h4 Be6 (16... b5) 17. Re1 Qd7 18. h5 g5 {Diagrama #} 19. Bxg5 hxg5
20. Qxg5 Rf7 21. Nxf5 Rxf5 22. Bxf5+ Bxf5 23. e6 Bxe6 24. Qg6+ Kh8 25. Rxe6 Nc7
26. Re4 Qe8 27. Qg5 Nd5 28. Rae1 Qf8 29. c4 Bf6 30. Qg6 Nc7 31. g4 Qg7 32.
Qxg7+ Kxg7 33. Rxe7+ Bxe7 34. Rxe7+ Kf6 35. Rxc7 b5 36. Rxc6 bxc4 37. Rxd6+ Ke7
38. Rc6 1-0

[Event "XXXIII Abierto Ciudad de Sevilla"]
[Site "?"]
[Date "2008.01.05"]
[Round "1"]
[White "Movsziszian, K."]
[Black "Alshameary, I."]
[Result "1-0"]
[WhiteElo "2527"]
[BlackElo "1907"]
[PlyCount "86"]
[EventDate "2008.01.05"]
[SourceDate "2008.01.05"]

1. e4 d6 2. d4 Nf6 3. Nc3 c6 4. f4 Qa5 5. Bd2 e5 6. Nf3 Bg4 7. dxe5 dxe5 8. Bc4
Nbd7 9. h3 Bxf3 10. Qxf3 Qc7 11. g3 b5 12. Bb3 Rd8 13. O-O-O Bd6 14. Be3 a5 15.
a4 b4 16. Nb1 O-O 17. Nd2 Bc5 18. Nc4 Qa7 19. Rhe1 exf4 20. gxf4 Bxe3+ 21. Qxe3
Nc5 22. Nd6 Nxb3+ 23. cxb3 Qe7 24. e5 Nd5 25. Qg3 {Diagrama #} Rxd6 26. exd6
Qxd6 27. Re4 Qc5+ 28. Kb1 Qd6 29. Rc1 Qf6 30. Ka2 h6 31. Qf2 Qf5 32. Qf3 Qd7
33. Rec4 Re8 34. Rxc6 Nc3+ 35. R1xc3 bxc3 36. Qxc3 Qf5 37. Rc4 Re2 38. Rc5 Qxf4
39. Rxa5 Re3 (39... Re8) 40. Qc2 g6 41. Ra8+ Kg7 42. Qc8 Kf6 43. Qd8+ Kf5 1-0

[Event "XXXIII Abierto Ciudad de Sevilla"]
[Site "?"]
[Date "2008.01.05"]
[Round "1"]
[White "Muñoz Jorva, M."]
[Black "Narciso Dublan, M."]
[Result "0-1"]
[WhiteElo "1886"]
[BlackElo "2513"]
[PlyCount "76"]
[EventDate "2008.01.05"]
[SourceDate "2008.01.05"]

1. d4 Nf6 2. c4 g6 3. Nc3 Bg7 4. e4 d6 5. f4 O-O 6. Bd3 Nc6 7. Nf3 e5 8. fxe5
dxe5 9. d5 Nd4 10. O-O Bg4 11. Be2 Bxf3 12. Bxf3 c5 13. dxc6 bxc6 14. Be3 Rb8
15. Rb1 Qe7 16. Qc1 Nd7 17. a3 $6 (17. b3) 17... a5 $15 18. Ne2 Nc5 19. b4 axb4
{Diagrama #} 20. Nxd4 $6 (20. axb4 Ncb3 21. Qa3 Qxb4 $17) 20... exd4 21. Bg5 f6
$17 22. axb4 fxg5 23. bxc5 Qxc5 24. Rxb8 Rxb8 25. Kh1 Re8 26. Qc2 Be5 27. g3
Kg7 28. Be2 Qa5 29. Bd3 Qc3 30. Qxc3 dxc3 31. Kg2 Rd8 32. Bc2 g4 33. Rd1 Ra8
34. Kf2 Ra2 35. Rc1 Bf6 36. Kg1 Bg5 37. Bb1 Bxc1 38. Bxa2 Be3+ 0-1

[Event "XXXIII Abierto Ciudad de Sevilla"]
[Site "?"]
[Date "2008.01.06"]
[Round "2"]
[White "Durao, J."]
[Black "Spraggett, K."]
[Result "1/2-1/2"]
[WhiteElo "2152"]
[BlackElo "2588"]
[PlyCount "66"]
[EventDate "2008.01.05"]
[SourceDate "2008.01.05"]

1. d4 f5 2. c4 Nf6 3. Nc3 e6 4. e3 Bb4 5. Nge2 O-O 6. a3 Bxc3+ 7. Nxc3 d6 8. g3
(8. b3 Nbd7 9. Be2 Ne4 10. Qc2 Ndf6 11. f3 Nxc3 12. Qxc3 Qe7 13. Bb2 Bd7 14.
Bd3 a6 15. a4 b6 16. O-O Rab8 17. Ba3 b5 18. Bc2 Qf7 19. Qa5 Bc6 20. c5 d5 21.
Rab1 Qd7 22. Bb4 Rb7 23. Bd2 Rfb8 24. Qxa6 Qe8 25. Qa5 Ra8 26. Qc3 bxa4 27.
bxa4 Rxb1 28. Rxb1 Bxa4 29. Bd3 Bc6 30. Qb2 Kf8 31. Ra1 Rb8 32. Qc3 Qd8 33. Ra7
Ne8 34. Qa3 Qd7 35. Be1 Kf7 36. Bg3 Bb5 37. Bc2 g5 38. Qa5 Rc8 39. Be5 Bc6 40.
Bd3 Qd8 41. Bb5 Bxb5 42. Qxb5 Ke7 43. Qa5 Qd7 44. h3 Kf7 45. Kh2 Kg6 46. Kg1 h5
47. Qa6 Rb8 48. Kh2 Qe7 49. Qc6 Qf7 50. Ra6 {
1-0 Luce,S-Nishimura,H/Copenhagen 1982. También se ha jugado 8.Bd3}) 8... e5 9.
Bg2 c6 10. O-O Be6 11. b3 Bf7 12. Bb2 Nbd7 13. Qc2 Bg6 14. f4 Qe7 15. Rae1 Rae8
16. Qc1 a6 17. a4 e4 18. Ba3 Bh5 19. b4 Nb6 20. c5 dxc5 21. b5 {Diagrama #}
Nfd7 (21... Nbd7 $5 22. bxc6 bxc6 23. a5 Qd8 24. Na4 Qxa5 25. Nxc5 Nxc5 26.
Bxc5 Rf7 27. Qc2) 22. dxc5 axb5 (22... Nc4 23. bxc6 bxc6 24. Nxe4 Nxa3 25. Nd6
Nxc5 26. Qxc5 Rf6 27. Qxa3 Qxd6 $11) 23. cxb6 b4 24. Bb2 bxc3 25. Qxc3 Rf7 26.
a5 Nf6 27. Rf2 Nd5 28. Qd4 Rd8 29. Rd2 Rff8 30. Qe5 Qf7 31. Bf1 Rfe8 32. Qd4
Qf8 33. Bc4 Kh8 1/2-1/2

[Event "XXXIII Abierto Ciudad de Sevilla"]
[Site "?"]
[Date "2008.01.06"]
[Round "2"]
[White "Campora, D."]
[Black "Fernandez Lago, D."]
[Result "1-0"]
[WhiteElo "2535"]
[BlackElo "2046"]
[PlyCount "55"]
[EventDate "2008.01.05"]
[SourceDate "2008.01.05"]

1. e4 c5 2. Nf3 e6 3. d4 cxd4 4. Nxd4 Nf6 5. Bd3 Nc6 6. Nxc6 bxc6 7. O-O e5 8.
c4 Be7 9. Nc3 O-O 10. Be3 d6 11. h3 Be6 12. Qc2 Qc8 (12... h6 13. Rad1 Qc7 14.
f4 Rfd8 15. f5 Bc8 16. Rf2 Bb7 17. Rfd2 Rac8 18. Qa4 d5 19. cxd5 cxd5 20. Nxd5
Nxd5 21. exd5 Bc5 22. Bxc5 Qxc5+ 23. Kh1 Rxd5 24. Rc2 Qd6 25. Rxc8+ Bxc8 26.
Qe8+ Kh7 27. Qxf7 Rxd3 28. Qg6+ Qxg6 29. fxg6+ Kxg6 30. Rxd3 a6 31. Kg1 Kf5 32.
Re3 g5 33. Kf2 h5 34. a4 Bd7 35. b3 Be6 36. g3 h4 37. b4 Bd7 38. b5 axb5 39. a5
Bc8 40. gxh4 gxh4 41. Rc3 Bb7 42. Rc7 Bd5 43. Rc5 Ke6 44. Rxb5 Kd6 45. Rb6+ Bc6
46. Rb4 Kc5 47. Rxh4 Kb5 48. Rh5 Kxa5 49. Rxe5+ Kb6 50. Kg3 Kc7 51. Kf4 Kd6 52.
h4 Bd5 53. h5 {1-0 Heedt,T-Roesemann,R/Germany 1995}) 13. Rac1 Nh5 14. Qe2 g6 (
14... Nf4 $5 15. Bxf4 exf4 16. e5 Bf5) 15. Nd5 {Diagrama #} cxd5 $2 (15... Bd8)
16. cxd5 Qb7 $2 (16... Qe8 17. dxe6 fxe6 18. Qg4 Qf7 19. Rc7 $16) 17. Ba6 $18
Qb4 18. dxe6 Qxe4 (18... fxe6 19. Qg4 Ng7 20. Rc7 d5 21. a3 Qd6 22. Rfc1) 19.
exf7+ Kh8 20. Rc7 Bd8 21. Rd7 d5 22. Bc5 Qxe2 23. Bxe2 Nf4 24. Bf3 (24. Bxf8
Nxe2+ 25. Kh2 Bf6 26. Bd6) 24... Bf6 25. Bxf8 Rxf8 26. Bxd5 Nxd5 27. Rxd5 Rxf7
28. Rfd1 1-0

[Event "XXXIII Abierto Ciudad de Sevilla"]
[Site "?"]
[Date "2008.01.06"]
[Round "2"]
[White "Matamoros, C."]
[Black "Cadenas Falcon, C."]
[Result "1-0"]
[WhiteElo "2529"]
[BlackElo "2044"]
[PlyCount "43"]
[EventDate "2008.01.05"]
[SourceDate "2008.01.05"]

1. Nf3 Nf6 2. c4 e6 3. g3 d5 4. Bg2 c6 5. O-O g6 $6 {Diagrama #} 6. b3 Bg7 7.
Ba3 Nbd7 8. d4 c5 9. cxd5 Nxd5 10. e4 Ne7 11. Nbd2 cxd4 12. Nc4 O-O 13. Nxd4
Nb6 14. Nd6 $16 Be5 15. Nf3 Bxa1 16. Qxa1 Rb8 17. Rd1 Bd7 18. Ne5 $18 (18. Bb2
$5 Nec8 19. Bf6 Qc7 20. Nxf7 Kxf7 21. Be5 $18) 18... Qc7 $6 (18... f6 19. Bh3
$18) 19. Ng4 e5 20. Nf6+ Kh8 21. Qxe5 Nc6 22. Qa1 1-0

[Event "XXXIII Abierto Ciudad de Sevilla"]
[Site "?"]
[Date "2008.01.06"]
[Round "2"]
[White "Freund, K."]
[Black "Fernandez Romero, E."]
[Result "0-1"]
[WhiteElo "2045"]
[BlackElo "2462"]
[PlyCount "69"]
[EventDate "2008.01.05"]
[SourceDate "2008.01.05"]

1. d4 Nf6 2. Nc3 c5 3. d5 e5 4. g3 d6 5. Bg2 g6 6. Nf3 Bg7 7. O-O O-O 8. e4 Na6
9. Nd2 Nc7 10. a4 Ng4 11. Nc4 (11. h3 Nh6 12. Nc4 f5) 11... f5 12. f3 Nf6 13.
Bg5 h6 14. Bxf6 Qxf6 15. Qd3 (15. f4) 15... f4 16. g4 (16. Nb5 $5) 16... Ne8
17. Rfb1 h5 18. h3 (18. gxh5 $5) 18... hxg4 19. hxg4 Rf7 $17 20. b4 (20. Kf1 $5
) 20... cxb4 21. Rxb4 Bf8 22. Nd2 $2 (22. Qd2 Rh7 23. Qf2) 22... Be7 23. Nf1
Nc7 24. Nd1 (24. Nb5 Na6 25. Rbb1 Nc5 26. Qe2 Bd7) 24... Na6 25. Rb2 Nc5 26.
Qe2 {Diagrama #} Bxg4 (26... Rh7) 27. fxg4 f3 28. Bxf3 Qxf3 29. Qxf3 Rxf3 30.
Nf2 Raf8 31. c4 Bh4 32. Raa2 Bxf2+ 33. Rxf2 Rxf2 34. Rxf2 Rxf2 35. Kxf2 0-1

[Event "XXXIII Abierto Ciudad de Sevilla"]
[Site "?"]
[Date "2008.01.06"]
[Round "2"]
[White "Perez Perez, M."]
[Black "Roeder, M."]
[Result "0-1"]
[WhiteElo "2027"]
[BlackElo "2461"]
[PlyCount "44"]
[EventDate "2008.01.05"]
[SourceDate "2008.01.05"]

1. e4 c5 2. Nf3 d6 3. d4 cxd4 4. Nxd4 Nf6 5. Nc3 a6 6. f4 Qb6 7. Bc4 Bg4 8. Qd3
e5 9. Nf3 Nc6 10. Be3 Qc7 11. O-O Bxf3 12. Rxf3 Be7 13. Rg3 $6 (13. Nd5 Nxd5
14. Bxd5 $16) 13... Nb4 14. Qe2 d5 15. exd5 (15. fxe5 Qxc4 16. exf6 Bxf6 17.
Re1 $11) 15... exf4 $15 {Diagrama #} 16. d6 $2 (16. Bxf4 Qxf4 17. Re3 $11)
16... Qxd6 17. Rd1 Qe5 $17 18. Bxf4 Qxf4 19. Rxg7 Rf8 20. Bb5+ Nc6 (20... axb5
$4 21. Qxb5+ Nc6 22. Qxb7) 21. Rg4 $6 (21. Bxc6+ bxc6 22. Rg3 Rg8 $19) 21...
Nxg4 22. g3 Qe3+ 0-1

[Event "XXXIII Abierto Ciudad de Sevilla"]
[Site "?"]
[Date "2008.01.06"]
[Round "2"]
[White "Korneev, O."]
[Black "Perez Garcia, R."]
[Result "1-0"]
[WhiteElo "2645"]
[BlackElo "2153"]
[PlyCount "93"]
[EventDate "2008.01.05"]
[SourceDate "2008.01.05"]

1. e4 e5 2. Nf3 Nc6 3. Bb5 a6 4. Ba4 Nf6 5. O-O Be7 6. Re1 b5 7. Bb3 d6 8. c3
O-O 9. h3 Bb7 10. d4 Re8 11. Nbd2 Bf8 12. d5 Nb8 13. Nf1 Nbd7 14. N3h2 Nc5 15.
Bc2 c6 16. dxc6 Bxc6 17. Bg5 h6 18. Bxf6 Qxf6 19. Ng4 Qg5 20. Ng3 g6 21. Qc1
Qxc1 22. Nf6+ Kh8 23. Raxc1 Re6 24. Nd5 Bxd5 25. exd5 Re7 26. h4 h5 27. b4 Nd7
28. Ne4 {Diagrama #} Ree8 $6 (28... Nb6 29. Nxd6 Rd7 30. Ne4 Nxd5) 29. c4 $14
Rec8 30. cxb5 axb5 31. Bd3 Rxc1 32. Rxc1 Nb6 33. Bxb5 Rxa2 34. Rc7 Nxd5 35.
Rxf7 $16 Bg7 36. Rb7 Nxb4 37. Be8 (37. Nxd6) 37... Ra1+ 38. Kh2 Ra8 (38... d5
39. Ng5 Ra8 40. Bxg6 Nc6 41. Rd7 $16) 39. Bxg6 Nd3 40. Rd7 d5 41. Rxd5 Nf4 42.
Rd6 Nxg6 43. Rxg6 Ra4 44. f3 Kh7 45. Rc6 Ra8 46. Kh3 Re8 47. Ng3 1-0

[Event "XXXIII Abierto Ciudad de Sevilla"]
[Site "?"]
[Date "2008.01.06"]
[Round "2"]
[White "Serra Olives, T."]
[Black "Aroshidze, L."]
[Result "0-1"]
[WhiteElo "2134"]
[BlackElo "2535"]
[PlyCount "56"]
[EventDate "2008.01.05"]
[SourceDate "2008.01.05"]

1. e4 c5 2. Nf3 d6 3. d4 cxd4 4. Nxd4 Nf6 5. Nc3 a6 6. Be3 e6 7. f3 b5 8. g4 h6
9. Qd2 b4 10. Na4 Nbd7 11. Nc6 Qc7 12. Nxb4 d5 13. exd5 Bxb4 14. Qxb4 Nxd5 15.
Qd2 Nxe3 16. Qxe3 Qxc2 17. Qd4 Bb7 18. Bd3 Qc7 (18... Ne5 19. Qxe5 Qxd3 $17)
19. O-O (19. Qxg7 Qe5+ 20. Qxe5 Nxe5 21. Be2 Bxf3 22. Bxf3 Nxf3+ $11) 19... Ne5
$15 20. Be4 Bxe4 21. Qxe4 O-O 22. Rac1 Qb8 23. Nc5 Rd8 {Diagrama #} 24. Kh1 $2
(24. Rf2) 24... Rd2 $19 25. Rfd1 (25. Qf4 Qxb2) 25... Rxh2+ 26. Kg1 Rxb2 27.
Rb1 Nxf3+ 28. Qxf3 Rxb1 0-1